| 000 | nam a22 a 4500 | ||
|---|---|---|---|
| 999 |
_c1048 _d1048 |
||
| 003 | AKMAL | ||
| 005 | 20170508113615.0 | ||
| 008 | 170508s2008 my | e | a001 0 may d | ||
| 020 |
_a9789833827664 (kkt.) : _cRM65.00 |
||
| 040 | _aAKMAL | ||
| 082 | 0 | 4 | _a297.273 ABA |
| 090 | 0 | 0 |
_a297.273 _bABA |
| 100 | 0 |
_aAb. Aziz Yusof _9600 |
|
| 245 | 1 | 0 |
_aPengurusan perniagaan Islam : _bkonsep, isu dan pelaksanaan / _cAb. Aziz Yusof, Ahmad Bashir Aziz |
| 260 |
_aSintok, Kedah : _bPenerbit Universiti Utara Malaysia, _c2008 |
||
| 300 |
_axxviii, 516ms. ; _c23cm. |
||
| 500 | _aMengandungi indeks | ||
| 504 | _aBibliografi: ms. 499-509 | ||
| 650 | 1 | 0 |
_aBusiness _xReligious aspects _xIslam _92143 |
| 650 | 2 | 0 |
_aIndustrial management _92203 |
| 650 | 2 | 0 |
_aEconomics _xReligious aspects _xIslam _92144 |
| 700 | 0 |
_aAhmad Bashir Aziz _92204 |
|
| 942 |
_2ddc _cBOOK |
||